<?xml version="1.0" encoding="UTF-8"?>
<record
    xmlns:xsi="http://www.w3.org/2001/XMLSchema-instance"
    xsi:schemaLocation="http://www.loc.gov/MARC21/slim http://www.loc.gov/standards/marcxml/schema/MARC21slim.xsd"
    xmlns="http://www.loc.gov/MARC21/slim">

  <leader>00675nam a2200181Ia 4500</leader>
  <controlfield tag="008">090630s9999    xx            000 0 und d</controlfield>
  <datafield tag="082" ind1=" " ind2=" ">
    <subfield code="b">7855</subfield>
  </datafield>
  <datafield tag="100" ind1=" " ind2=" ">
    <subfield code="a">&#x938;&#x94C;. &#x917;&#x921;&#x915;&#x930; &#x930;&#x947;&#x91A;&#x932;.</subfield>
  </datafield>
  <datafield tag="245" ind1=" " ind2=" ">
    <subfield code="a">&#x92E;&#x941;&#x902;&#x917;&#x940;&#x928;&#x947; &#x92B;&#x941;&#x902;&#x915;&#x932;&#x947; &#x936;&#x93F;&#x902;&#x917;.</subfield>
    <subfield code="c">&#x938;&#x94C;. &#x917;&#x921;&#x915;&#x930; &#x930;&#x947;&#x91A;&#x932;.</subfield>
  </datafield>
  <datafield tag="260" ind1=" " ind2=" ">
    <subfield code="b">&#x91C;&#x92F;&#x939;&#x93F;&#x902;&#x926; - &#x92E;&#x941;&#x902;&#x92C;&#x908;.</subfield>
    <subfield code="c">1985</subfield>
  </datafield>
  <datafield tag="300" ind1=" " ind2=" ">
    <subfield code="a">24</subfield>
  </datafield>
  <datafield tag="600" ind1=" " ind2=" ">
    <subfield code="a">&#x938;&#x94C;. &#x917;&#x921;&#x915;&#x930; &#x930;&#x947;&#x91A;&#x932;.</subfield>
  </datafield>
  <datafield tag="630" ind1=" " ind2=" ">
    <subfield code="a">&#x92E;&#x941;&#x902;&#x917;&#x940;&#x928;&#x947; &#x92B;&#x941;&#x902;&#x915;&#x932;&#x947; &#x936;&#x93F;&#x902;&#x917;.</subfield>
  </datafield>
  <datafield tag="655" ind1=" " ind2=" ">
    <subfield code="a">&#x92C;&#x93E;&#x932;&#x935;&#x93E;&#x919;&#x92E;&#x92F;.</subfield>
  </datafield>
  <datafield tag="700" ind1=" " ind2=" ">
    <subfield code="a">&#x938;&#x94C;. &#x917;&#x921;&#x915;&#x930; &#x930;&#x947;&#x91A;&#x932;.</subfield>
  </datafield>
  <datafield tag="730" ind1=" " ind2=" ">
    <subfield code="a">&#x92E;&#x941;&#x902;&#x917;&#x940;&#x928;&#x947; &#x92B;&#x941;&#x902;&#x915;&#x932;&#x947; &#x936;&#x93F;&#x902;&#x917;.</subfield>
  </datafield>
  <datafield tag="942" ind1=" " ind2=" ">
    <subfield code="c">BOOK</subfield>
  </datafield>
  <datafield tag="999" ind1=" " ind2=" ">
    <subfield code="c">259711</subfield>
    <subfield code="d">259711</subfield>
  </datafield>
  <datafield tag="952" ind1=" " ind2=" ">
    <subfield code="0">0</subfield>
    <subfield code="1">0</subfield>
    <subfield code="4">0</subfield>
    <subfield code="7">0</subfield>
    <subfield code="a">SAWASHRI</subfield>
    <subfield code="b">SAWASHRI</subfield>
    <subfield code="d">1985-03-05</subfield>
    <subfield code="g">1.00</subfield>
    <subfield code="l">0</subfield>
    <subfield code="o">7855</subfield>
    <subfield code="p">SAWASHRI-7855</subfield>
    <subfield code="r">2009-06-30 00:00:00</subfield>
    <subfield code="v">1.00</subfield>
    <subfield code="w">2009-06-30</subfield>
    <subfield code="y">BOOK</subfield>
  </datafield>
</record>
